000 00699nam a2200229 a 4500
008
020 _a9780750683395 (pbk.)
049 _aMAIN
090 _aHD30.2
_bLAN
100 1 _aLand, Stacy E.
245 1 0 _aManaging knowledge-based initiatives :
_bstrategies for successful deployment /
_cStacy E. Land.
260 _aAmsterdam :
_bElsevier,
_c2008
300 _a1st ed.
300 _axxiv, 276 p. :
_bill. ;
_c24 cm
500 _aIncludes index.
650 1 _aManaging knowledge
_xmanagement
_y2008
_zAmsterdam
907 _a.b10277213
_b11-06-10
_c19-05-10
003
005 20230123125022.0
040 _cNUST
942 _cBOOKS
_kHD30.2
_mLAN
999 _c134287
_d134287